Долоон гөрөөчин (Бичлэгийн дугаар. 1145192)
[ энгийн харах ]
| 000 -Удирдлага | |
|---|---|
| Ном зүйн бүртгэл тоо буюу кодлох утгыг агуулсан | 00588nam a22001937a 4500 |
| 003 - ХЯНАЛТЫН ТОО ТОДОРХОЙЛОГЧ | |
| Код | MN-UlNLM |
| 005 - ХАМГИЙН СҮҮЛИЙН ҮЕИЙН ХЭЛЦЛИЙН ОГНОО БА ЦАГ | |
| Тухайн бичилтийг бичсэн засварласан сүүлийн огноо. | 20241015110545.0 |
| 008 - ЕРӨНХИЙ МЭДЭЭЛЭЛ-ЭЛЕМЕНТҮҮДИЙН ӨГӨГДЛИЙН УРТ | |
| fixed length control field | 240920b mp ||||| |||| 00| 0 mon d |
| 020 ## - ОЛОН УЛСЫН СТАНДАРТ НОМЫН ДУГААР-ISBN | |
| Олон Улсын Стандарт Номын Дугаар | 9789919226596 |
| 040 ## - ЭХ СУРВАЛЖИЙГ ТОДОРХОЙЛОН БИЧИХ | |
| Каталогийн хэл | Монгол |
| 084 ## - БУСАД АНГИЛЛЫН ДУГААР | |
| Ангиллын нэр | Номын сан номзүйн ангилал |
| Анги | 84(5Мон)-5 |
| Зохиогчийн 3-н тэмдэгт | Э 66 |
| Шинжлэх ухааны мэдлэгийн салбар | Уран зохиол - 84 |
| 100 1# - ЗОХИОГЧИЙН ХЭСЭГ | |
| Зохиогчийн нэр | Энхбаяр Ш. |
| 245 1# - ҮНДСЭН ГАРЧИГ | |
| Гарчиг | Долоон гөрөөчин |
| Гарчигт хамааралтай мэдээ | Домог найраглал |
| Оролцогчдын тухай мэдээ | Эрхэл. Ц.Бадамхорол |
| -- | Зур. Д.Гунгаа |
| 260 1# - ГАРАЛТЫН ТУХАЙ МЭДЭЭ | |
| Хэвлэгдсэн газар | УБ |
| Хэвлэлийн газар | Жиком пресс |
| Хэвлэгдсэн он | 2020 |
| 300 ## - ТООНЫ МЭДЭЭ | |
| Хуудасны тоо | 68х |
| Дагалдах материал | Зур |
| 546 ## - ХЭЛНИЙ ТУХАЙ МЭДЭЭ | |
| Хэл | mon |
| 650 ## - Сэдэв | |
| Сэдэв | Уран зохиол |
| 942 ## - ЭЛЕМЕНТИЙН ТӨРӨЛ | |
| Төрөл | Ном |
| Буцаан татагдсан төлөв | Хасагдсан шалтгаан | Гэмтсэн төлөв | Данс заагч | Захиалах боломжгүй | Үндсэн номын сан | Одоогийн байршил | Салбар танхим | Салбар танхим | Бүртгэсэн огноо | Бүрдүүлэлтийн эх үүсвэр | Тавиурын заалт | Баркод | Үнэ | Хамгийн сүүлд байсан огноо | Нийт уншлаганд гарсан тоо | Дансны дугаар | Ангиллын нэр | Фактур мөрийн дугаар | Төрөл | Хамгийн сүүлд уншлаганд гарсан огноо |
|---|---|---|---|---|---|---|---|---|---|---|---|---|---|---|---|---|---|---|---|---|
| МУҮНомын сан салбар | МУҮНомын сан салбар | МУҮНС салбар | Язгуур танхим 8 давхар | МУҮНС салбар | Язгуур танхим 8 давхар | 2024-11-04 | Худалдан авсан | 84(5Мон)-5 Э 66 | 006000098865 | 10000.00 | 2025-01-22 | 2 | 98865 | Ном | 2025-01-22 | |||||||
| МУҮНомын сан салбар | МУҮНомын сан салбар | МУҮНС салбар | Язгуур танхим 8 давхар | МУҮНС салбар | Язгуур танхим 8 давхар | 2024-11-04 | Худалдан авсан | 84(5Мон)-5 Э 66 | 006000098866 | 10000.00 | 2024-11-04 | 98866 | Ном | |||||||||
| МУҮНомын сан салбар | МУҮНомын сан салбар | МУҮНС салбар | Язгуур танхим 8 давхар | МУҮНС салбар | Язгуур танхим 8 давхар | 2024-11-04 | Худалдан авсан | 84(5Мон)-5 Э 66 | 006000098867 | 10000.00 | 2024-11-04 | 98867 | Ном | |||||||||
| МУҮндэсний Номын сан | МУҮндэсний Номын сан | МУҮНС төв | Ойр фонд | МУҮНС төв | Ойр фонд | 2024-09-20 | Худалдан авсан | 84(5Мон)-5 Э 66 | 003110043633 | 10000.00 | 2024-09-20 | 43633 | Номын сан номзүйн ангилал | 240526.00 | Ном | |||||||
| МУҮндэсний Номын сан | МУҮндэсний Номын сан | МУҮНС төв | Ойр фонд | МУҮНС төв | Ойр фонд | 2024-11-04 | Худалдан авсан | 84(5Мон)-5 Э 66 | 006000098864 | 10000.00 | 2024-11-04 | 98864 | Ном |